The effects of isometric and isotonic exercise upon selected cardiac intervals /

Bibliographic Details
Main Author: Lindberg, Gary Dameron
Format: Thesis Book
Language:English
Published: Springfield, Mass. : Lindberg, 1975.
Subjects:

MARC

Tag First Indicator Second Indicator Subfields
LEADER 00000cam a2200000 i 4500
001 in00000097366
005 20150925114808.0
008 760503r19761975orua bb 00010 eng d
035 |a (OCoLC)02152258 
035 |9 AAL2822AM 
040 |a Univ. of Oregon  |c XBM  |d TXA  |d UtOrBLW 
049 |a TXAI 
099 |a fiche  |a C  |a 1132 
100 1 |a Lindberg, Gary Dameron. 
245 1 4 |a The effects of isometric and isotonic exercise upon selected cardiac intervals /  |c by Gary Dameron Lindberg. 
264 1 |a Springfield, Mass. :  |b Lindberg,  |c 1975. 
300 |a xi, 161 leaves :  |b illustrations 
336 |a text  |b txt  |2 rdacontent 
337 |a microform  |b h  |2 rdamedia 
338 |a microfiche  |b he  |2 rdacarrier 
500 |a Microfiche (negative) of typescript. Eugene : Microform Publications, College of Health, Physical Education and Recreation, University of Oregon, 1976. -- 2 sheets ; 10.5 x 14.8 cm. 
502 |c Springfield College. 
504 |a Bibliography: leaves 129-136. 
500 |a Microform. 
650 0 |a Heart beat. 
650 0 |a Exercise  |x Physiological aspects. 
999 |a MARS 
999 f f |s 3ea2410d-9eb5-31a4-a581-4dc4cc208dcf  |i ce519241-0e02-3e98-ab9a-f2128d99f7d7  |t 0 
952 f f |p normal  |a Texas A&M University  |b College Station  |c Sterling C. Evans Library  |d Evans: Microforms (3rd floor)  |t 0  |e fiche C 1132  |h Other scheme  |i microform -- microfiche  |m A14820704477 
998 f f |a fiche C 1132  |t 0  |l Evans: Microforms (3rd floor)